000 00218 a2200097 4500
001 45872
100 _aUnsworth W
245 _aThe book of rock climbing
260 _aLondon
_bArthur barker
_c
090 _c28971
_d28971
942 _aNUST-CAE
_cM
_c21081
999 _c280945
_d280945